African solutions : best practices from the African Peer Review Mechanism (Record no. 169508)

MARC details
000 -LEADER
fixed length control field 00324nam a2200097Ia 4500
082 ## - DEWEY DECIMAL CLASSIFICATION NUMBER
Classification number 320.96 PETL
008 - FIXED-LENGTH DATA ELEMENTS--GENERAL INFORMATION
fixed length control field 210817s9999 xx 000 0 und d
100 ## - MAIN ENTRY--PERSONAL NAME
Personal name Gruzd, Steven Auckland Park, South Africa, 2011
9 (RLIN) 47766
245 #0 - TITLE STATEMENT
Title African solutions : best practices from the African Peer Review Mechanism
942 ## - ADDED ENTRY ELEMENTS
item type Books
Holdings
Withdrawn status Lost status Damaged status Not for loan Home library Current library Date acquired Cost, normal purchase price Total Checkouts Barcode Date last seen Price effective from item type
        Milan Park Milan Park 18.08.2021 180.00   3322810051982 18.08.2021 18.08.2021 Books